000 00473nam a2200181Ia 4500
003 GCL
008 140319s9999 xx 000 0 eng d
040 _aGCL /
_cGCL
082 0 4 _a539.7
_bF S
100 1 _aFERMI, LAURA
245 1 0 _aTHE STORY OF ATOMIC ENERGY /
_cFERMI, LAURA
260 _a[S.N] :
_bA MACFADDEN-BARTELL BOOK ،
_c1965
300 _a128 P
650 0 4 _aNUCLER ENERGY
650 0 4 _aURANIUM INDUSTRY
650 0 4 _aPLUTONIUM INDUSTRY
942 _2ddc
_cBK
999 _c12044
_d12044